| 000 -ლიდერი |
| ფიქსირებული სიგრძის საკონტროლო ველი |
00857nam a2200205Ia 4500 |
| 001 - საკონტროლო ნომერი |
| საკონტროლო ველი |
3692 |
| 003 - საკონტროლო ნომრის იდენტიფიკატორი |
| საკონტროლო ველი |
GE_BSU |
| 005 - ბოლო ოპერაციის თარიღი და დრო |
| საკონტროლო ველი |
20190524185051.0 |
| 008 - ფიქსირებული სიგრძის მონაცემთა ელემენტები - ზოგადი ინფორმაცია |
| ფიქსირებული სიგრძის საკონტროლო ველი |
181216s1980|||| |||||||||||||| ||geo|| |
| 040 ## - კატალოგიზაციის წყარო |
| Transcribing agency |
GE_BSU |
| 041 ## - ენის კოდი |
| Language code of text/sound track or separate title |
geo |
| 080 ## - უნივერსალური ათობითი კლასიფიკაციის ინდექსი |
| Universal Decimal Classification number |
55:519.22(075.8) შ-22 |
| 100 ## - მთავარი ჩანაწერი - პიროვნების სახელი |
| Personal name |
შაორშაძე,მ. |
| 9 (RLIN) |
1614 |
| 245 ## - ცნობა სათაურის შესახებ |
| Title |
მათემატიკური სტატისტიკა გეოლოგიაში : სახელმძღვ. |
| Statement of responsibility, etc |
მ. შაორშაძე ; რედ : ბ. მხეიძე. |
| 264 ## - წარმოების, გამოცემის, დისტრიბუციის და სხვა ცნობები |
| გამოცემის, წარმოების, დისტრიბუციის... ადგილი |
თბილისი : |
| გამოცემის, წარმოების, დისტრიბუციის... სახელწოდება |
განათლება, |
| გამოცემის, წარმოების, დისტრიბუციის... თარიღი |
1980. |
| 300 ## - ფიზიკური აღწერა |
| Extent |
324 გ .: |
| Dimensions |
22 სმ. |
| 653 ## - INDEX TERM--UNCONTROLLED |
| Uncontrolled term |
მათემატიკური სტატისტიკა გეოლოგიაში |
| 700 ## - ADDED ENTRY--PERSONAL NAME |
| Personal name |
მხეიძე, ბ |
| Relator term |
რედაქტორი |
| 9 (RLIN) |
1615 |
| 942 ## - ADDED ENTRY ELEMENTS (KOHA) |
| Koha item type |
წიგნი |
| Source of classification or shelving scheme |
|